[Event "4NCL Online Division 5"]
[Site "online"]
[Date "2021.03.23"]
[EventDate "2021.03.23"]
[Round "5.61"]
[White "Zhang, Zheming"]
[WhiteElo "2092"]
[WhiteTeam "Forest Hall Juniors"]
[Black "Kriman, Salim"]
[BlackElo "2000"]
[BlackTeam "Hackney Hackers"]
[Result "0-1"]
[PlyCount "92"]

1. e4 e5 2. Nf3 Nc6 3. Bc4 Bc5 4. c3 Nf6 5. d3 d6 6. Bb3 O-O 7. Nbd2 a5 8. h3 Re8 9. Nf1 Be6 10. Bc2 d5 11. Qe2 h6 12. Ng3 b5 13. O-O dxe4 14. Nxe4 Nxe4 15. Qxe4 Bd5 16. Qg4 Qf6 17. Nd2 Qe6 18. Qxe6 Bxe6 19. Nb3 Bb6 20. Be3 Rad8 21. Nc5 Bf5 22. Ne4 b4 23. Bxb6 cxb6 24. Rad1 bxc3 25. bxc3 Ne7 26. c4 Nc6 27. Ba4 Re6 28. Bxc6 Rxc6 29. Rfe1 Rd4 30. f3 Bxe4 31. Rxe4 Rcxc4 32. Rxe5 Rc3 33. Rb1 Rdxd3 34. Re2 Rc6 35. Kf2 a4 36. Rbb2 a3 37. Rbd2 Rxd2 38. Rxd2 b5 39. Ke3 b4 40. Rd4 b3 41. axb3 Rc3+ 42. Ke4 Rxb3 43. Ra4 Kh7 44. g3 Kg6 45. h4 f5+ 46. Kf4 Kh5 0-1

[Event "4NCL Online Division 5"]
[Site "online"]
[Date "2021.03.23"]
[EventDate "2021.03.23"]
[Round "5.62"]
[White "Levy, Christopher A"]
[WhiteElo "1844"]
[WhiteTeam "Hackney Hackers"]
[Black "French, Morgan"]
[BlackElo "1662"]
[BlackTeam "Forest Hall Juniors"]
[Result "1-0"]
[PlyCount "131"]

1. d4 Nf6 2. Bf4 d5 3. e3 Bf5 4. c3 e6 5. Qb3 b6 6. Nf3 Bd6 7. Ne5 Nbd7 8. Nd2 a6 9. Nxd7 Qxd7 10. Bxd6 Qxd6 11. Bxa6 O-O 12. Be2 c5 13. h3 Rfb8 14. a4 c4 15. Qa3 Qc6 16. O-O Ra7 17. b3 Rba8 18. bxc4 Rxa4 19. Qb2 Rxa1 20. Rxa1 Rxa1+ 21. Qxa1 h6 22. Qa6 dxc4 23. Qxc4 Qa8 24. Qa6 Qc6 25. Qc4 Qa8 26. f3 Bg6 27. Qa6 Qc6 28. c4 Qc7 29. Qb5 Qa7 30. Qb2 Qc7 31. Nb1 Qg3 32. Qc1 Qc7 33. Nc3 e5 34. Nb5 Qb8 35. Qb2 exd4 36. Qxd4 Kh8 37. Qd6 Qxd6 38. Nxd6 Nd7 39. Kf2 Kg8 40. Bd1 Bb1 41. Bb3 Nc5 42. Bd1 Ba2 43. Be2 Kf8 44. Kg3 Nd7 45. h4 Ke7 46. Ne4 Ne5 47. Nd2 Nc6 48. Kf4 Na5 49. Bd3 Kd6 50. g4 Kc5 51. Ne4+ Kb4 52. g5 hxg5+ 53. Nxg5 Nxc4 54. Nxf7 Nxe3 55. Kxe3 Bxf7 56. Kd4 b5 57. f4 Ka3 58. Bxb5 Kb4 59. Bd7 Kb3 60. Ke5 Kc4 61. Be6+ Bxe6 62. Kxe6 Kd4 63. f5 Ke4 64. h5 Kf4 65. f6 gxf6 66. Kxf6 1-0

[Event "4NCL Online Division 5"]
[Site "online"]
[Date "2021.03.23"]
[EventDate "2021.03.23"]
[Round "5.63"]
[White "Johnston, Alexander"]
[WhiteElo "1593"]
[WhiteTeam "Forest Hall Juniors"]
[Black "Figueroa, Edison"]
[BlackElo "1819"]
[BlackTeam "Hackney Hackers"]
[Result "0-1"]
[PlyCount "82"]

1. d4 Nf6 2. c4 e5 3. dxe5 Ne4 4. Nf3 d6 5. exd6 Bxd6 6. Nbd2 Nc5 7. b4 Ne6 8. c5 Be7 9. Bb2 Bf6 10. Rb1 O-O 11. e3 Nc6 12. a3 b6 13. b5 Na5 14. c6 Nc5 15. Qc2 Bg4 16. Be2 Bh5 17. Rd1 Bg6 18. Qc1 Bd3 19. Ne4 Nxe4 20. Rxd3 Nd6 21. e4 Bxb2 22. Qxb2 Nac4 23. Qb4 Qe7 24. e5 Nxe5 25. Nxe5 Qxe5 26. a4 Rfe8 27. Re3 Qa1+ 28. Bd1 Nf5 29. O-O Nxe3 30. fxe3 Qc1 31. Qf4 Qxe3+ 32. Qxe3 Rxe3 33. Bg4 Rae8 34. Bd7 R8e7 35. Kf2 Re2+ 36. Kf3 R7e3+ 37. Kf4 Ra3 38. Bg4 Rxa4+ 39. Kf5 g6+ 40. Kf6 Rxg4 41. Rd1 Re6# 0-1

[Event "4NCL Online Division 5"]
[Site "online"]
[Date "2021.03.23"]
[EventDate "2021.03.23"]
[Round "5.64"]
[White "Reilly, Gerard"]
[WhiteElo "1792"]
[WhiteTeam "Hackney Hackers"]
[Black "Amoako Philip Selikem Yao"]
[BlackElo "1453"]
[BlackTeam "Forest Hall Juniors"]
[Result "0-1"]
[PlyCount "130"]

1. d4 f5 2. c4 Nf6 3. g3 g6 4. Bg2 Bg7 5. Nc3 d6 6. d5 O-O 7. Nf3 a6 8. O-O h6 9. Re1 Re8 10. Bd2 e5 11. dxe6 Bxe6 12. b3 Nc6 13. Rc1 Ne4 14. Nxe4 fxe4 15. Nh4 g5 16. Ng6 Bf7 17. Nf4 gxf4 18. Bxf4 Qf6 19. e3 Nb4 20. Bf1 Nxa2 21. Rc2 Nb4 22. Rd2 Nc6 23. Bg2 Bg6 24. Rd5 Nb4 25. Rd4 Nd3 26. Re2 Nxf4 27. exf4 Bh5 28. Rdxe4 Bxe2 29. Qxe2 Rxe4 30. Bxe4 c6 31. Kg2 Kf8 32. Qg4 Rd8 33. Qh5 Ke7 34. Qa5 Rd7 35. Bf5 Rd8 36. Qc7+ Ke8 37. Qxb7 Qxf5 38. Qxg7 Qe4+ 39. Kh3 Qe6+ 40. Kg2 d5 41. c5 d4 42. Qh8+ Kd7 43. Qxd4+ Qd5+ 44. Qxd5+ cxd5 45. Kf3 Ke6 46. Ke3 Rb8 47. Kd4 Rxb3 48. f5+ Kxf5 49. Kxd5 a5 50. Kc4 Rb8 51. c6 Ke6 52. f4 Kd6 53. c7 Kxc7 54. g4 a4 55. f5 a3 56. h4 a2 57. g5 hxg5 58. hxg5 a1=Q 59. f6 Qa4+ 60. Kd5 Rb5+ 61. Ke6 Qe4+ 62. Kf7 Rxg5 63. Kf8 Qa8+ 64. Kf7 Qg8+ 65. Ke7 Re5# 0-1

[Event "4NCL Online Division 5"]
[Site "online"]
[Date "2021.03.23"]
[EventDate "2021.03.23"]
[Round "5.71"]
[White "Eedle, Eric F"]
[WhiteElo "1825"]
[WhiteTeam "Barnet Knights B"]
[Black "Robins, Andrew"]
[BlackElo "1761"]
[BlackTeam "Ashfield Anonymous D"]
[Result "0-1"]
[PlyCount "64"]

1. d4 Nf6 2. c4 g6 3. f3 Nc6 4. e4 e5 5. d5 Nd4 6. Be3 c5 7. Nc3 d6 8. Nge2 Nh5 9. Qd2 Qh4+ 10. Bf2 Qe7 11. Nxd4 cxd4 12. Ne2 f5 13. Ng3 Nxg3 14. Bxg3 Bg7 15. Be2 O-O 16. O-O f4 17. Bf2 Bd7 18. b4 Rfc8 19. a4 b6 20. Rfc1 Be8 21. a5 Qd8 22. Ra3 Rc7 23. Rca1 Rac8 24. axb6 axb6 25. Ra6 Bf8 26. Qa2 b5 27. Rc1 bxc4 28. Rxc4 Rxc4 29. Bxc4 Qc7 30. Bf1 Qc1 31. Qa1 Bb5 32. Ra2 Bxf1 0-1

[Event "4NCL Online Division 5"]
[Site "online"]
[Date "2021.03.23"]
[EventDate "2021.03.23"]
[Round "5.72"]
[White "Bentley, Alex"]
[WhiteElo "1750"]
[WhiteTeam "Ashfield Anonymous D"]
[Black "Vyas, Alisha"]
[BlackElo "1695"]
[BlackTeam "Barnet Knights B"]
[Result "1/2-1/2"]
[PlyCount "64"]

1. e4 c5 2. Nf3 g6 3. d4 cxd4 4. Nxd4 Bg7 5. c4 Nc6 6. Nxc6 bxc6 7. Nc3 Nf6 8. Be2 O-O 9. O-O Bb7 10. e5 Ne8 11. Bf4 d6 12. exd6 exd6 13. Qc2 d5 14. cxd5 cxd5 15. Bf3 Nf6 16. Rfd1 Qc8 17. Qb3 Rd8 18. Rac1 Qd7 19. Be5 Rac8 20. h3 h5 21. Bxf6 Bxf6 22. Nxd5 Bxd5 23. Rxc8 Qxc8 24. Bxd5 Qc7 25. Qd3 Kg7 26. b3 a5 27. Qf3 Qc2 28. a4 Rd7 29. Qd3 Qc5 30. Qf3 Qc2 31. Qd3 Qc5 32. Qf3 Qc2 1/2-1/2

[Event "4NCL Online Division 5"]
[Site "online"]
[Date "2021.03.23"]
[EventDate "2021.03.23"]
[Round "5.73"]
[White "Sanfey, Gregor"]
[WhiteElo "1677"]
[WhiteTeam "Barnet Knights B"]
[Black "Hardman, Daniel"]
[BlackElo "1536"]
[BlackTeam "Ashfield Anonymous D"]
[Result "0-1"]
[PlyCount "122"]

1. g4 d5 2. Bg2 Nc6 3. h3 e5 4. d3 Be6 5. Nc3 Bb4 6. Bd2 Nge7 7. e4 d4 8. Nce2 Bxd2+ 9. Qxd2 Qd7 10. Qg5 O-O 11. Ng3 Ng6 12. Nf5 f6 13. Qh5 Nf4 14. Nh6+ gxh6 15. Qxh6 Nxg2+ 16. Kf1 Nf4 17. Ne2 Nxe2 18. Kxe2 Qg7 19. Qh4 Qg5 20. Qg3 Ne7 21. Rag1 Ng6 22. h4 Nf4+ 23. Kf1 Qg7 24. g5 fxg5 25. Qh2 Kh8 26. Rxg5 Qd7 27. Rhg1 Rg8 28. Qg3 Rxg5 29. Qxg5 Rg8 30. Qxe5+ Rg7 31. Rxg7 Qxg7 32. Qxf4 Bh3+ 33. Ke2 Qg4+ 34. Qxg4 Bxg4+ 35. f3 Be6 36. f4 Bxa2 37. b3 a5 38. e5 Kg7 39. Kf3 h5 40. Ke4 a4 41. bxa4 c5 42. Kf5 Bf7 43. Kg5 Be8 44. a5 Ba4 45. e6 Bxc2 46. f5 Bxd3 47. f6+ Kf8 48. Kxh5 Bc4 49. e7+ Kf7 50. Kg5 d3 51. h5 d2 52. h6 d1=Q 53. h7 Qg1+ 54. Kf5 Qb1+ 55. Ke5 Qxh7 56. Kd6 Qh2+ 57. Kd7 Qd2+ 58. Kc7 Qxa5+ 59. Kxb7 Qa6+ 60. Kc7 Be6 61. Kd8 Qc8# 0-1

[Event "4NCL Online Division 5"]
[Site "online"]
[Date "2021.03.23"]
[EventDate "2021.03.23"]
[Round "5.74"]
[White "Fraser, Chris"]
[WhiteElo "1607"]
[WhiteTeam "Ashfield Anonymous D"]
[Black "Gardner, Tim"]
[BlackElo "1637"]
[BlackTeam "Barnet Knights B"]
[Result "1-0"]
[PlyCount "85"]

1. e4 d5 2. exd5 Nf6 3. d4 Nxd5 4. Nf3 g6 5. c4 Nb6 6. Nc3 Bg7 7. c5 Nd5 8. Qb3 c6 9. Bc4 O-O 10. O-O Bg4 11. Ne5 Bxe5 12. dxe5 Qc7 13. Nxd5 cxd5 14. Bxd5 Nc6 15. Bh6 e6 16. Bxc6 Qxc6 17. Bxf8 Kxf8 18. Qe3 Rd8 19. h3 Bf5 20. Rfd1 Rd5 21. Rac1 Qc7 22. Rxd5 exd5 23. b4 Kg7 24. Qd4 Be6 25. a4 b6 26. Rc3 Qd7 27. cxb6 axb6 28. Qxb6 Qxa4 29. Qc5 Qd1+ 30. Kh2 Qe2 31. Qd4 Qb2 32. Rd3 Qb1 33. Rd2 h5 34. Rb2 Qc1 35. b5 Qc7 36. b6 Qb8 37. b7 f5 38. Kg1 g5 39. Rb6 g4 40. hxg4 hxg4 41. Rxe6 Qxb7 42. Qb6 Qf7 43. Qd6 1-0

[Event "4NCL Online Division 5"]
[Site "online"]
[Date "2021.03.23"]
[EventDate "2021.03.23"]
[Round "5.81"]
[White "Trudeau, Gary"]
[WhiteElo "1842"]
[WhiteTeam "Calstock Killers"]
[Black "Eccleston, Bryony"]
[BlackElo "1387"]
[BlackTeam "Manchester Juniors C"]
[Result "0-1"]
[PlyCount "66"]

1. e4 d5 2. e5 e6 3. d4 c5 4. c3 Nc6 5. Nf3 Bd7 6. Bd3 cxd4 7. cxd4 Bb4+ 8. Nc3 Nge7 9. Bc2 Ba5 10. a3 Bb6 11. Nb5 O-O 12. Bxh7+ Kh8 13. Bc2 Ba5+ 14. Bd2 Bxd2+ 15. Nxd2 g6 16. Nf3 Qa5+ 17. Nc3 Qb6 18. Qd2 Kg7 19. O-O Rh8 20. b4 Rh6 21. Qf4 Rah8 22. Qf6+ Kg8 23. Na4 Qb5 24. Ng5 Be8 25. Rfd1 Qe2 26. Rac1 Qg4 27. h3 Kf8 28. Kh2 Rh5 29. f3 Qxg5 30. Qxg5 Rxg5 31. b5 Na5 32. Nc5 Bxb5 33. Nxb7 Nxb7 0-1

[Event "4NCL Online Division 5"]
[Site "online"]
[Date "2021.03.23"]
[EventDate "2021.03.23"]
[Round "5.82"]
[White "Correa, Edward"]
[WhiteElo "1270"]
[WhiteTeam "Manchester Juniors C"]
[Black "Hill, Michael"]
[BlackElo "1733"]
[BlackTeam "Calstock Killers"]
[Result "0-1"]
[PlyCount "62"]

1. d4 Nf6 2. Nf3 e6 3. Bf4 b6 4. e3 Bb7 5. Be2 d5 6. a3 Nbd7 7. c4 Be7 8. Nc3 a6 9. b4 dxc4 10. Bxc4 b5 11. Be2 O-O 12. Qc2 Rc8 13. Qd2 Ne4 14. Nxe4 Bxe4 15. Qd1 Bf6 16. Bd3 Bxd3 17. Qxd3 c5 18. bxc5 Nxc5 19. Qe2 Qa5+ 20. Nd2 Ne4 21. f3 Nc3 22. Qf2 Nd5 23. Be5 Bxe5 24. dxe5 Rc2 25. Rg1 Rfc8 26. e4 Nf4 27. Qe3 Ng6 28. Ke2 Nxe5 29. Rgd1 Nc4 30. Qd3 Nb2 31. Qd7 Rd8 0-1

[Event "4NCL Online Division 5"]
[Site "online"]
[Date "2021.03.23"]
[EventDate "2021.03.23"]
[Round "5.83"]
[White "Kirkman, Nigel J"]
[WhiteElo "1722"]
[WhiteTeam "Calstock Killers"]
[Black "Topping, Rachel"]
[BlackElo "1225"]
[BlackTeam "Manchester Juniors C"]
[Result "1-0"]
[PlyCount "65"]

1. c4 e5 2. Nc3 Nf6 3. Nf3 e4 4. Ng5 d5 5. cxd5 Nxd5 6. Ngxe4 Bb4 7. Nxd5 Qxd5 8. Nc3 Bxc3 9. bxc3 O-O 10. Qb3 Qg5 11. d4 Qg6 12. Ba3 Re8 13. e3 a6 14. g3 b5 15. Bg2 Be6 16. Qd1 Bc4 17. Bxa8 Nd7 18. Bf3 Nf6 19. Be2 Bd5 20. O-O Ne4 21. Bd3 Qg5 22. Qc2 g6 23. Bc1 Re6 24. Bxe4 Bxe4 25. Qe2 Qd5 26. f3 Bf5 27. e4 Bxe4 28. fxe4 Rxe4 29. Qf3 f5 30. Bd2 Kg7 31. Rae1 Qe6 32. Rxe4 fxe4 33. Qf8# 1-0

[Event "4NCL Online Division 5"]
[Site "online"]
[Date "2021.03.23"]
[EventDate "2021.03.23"]
[Round "5.84"]
[White "Benhamida, Jude"]
[WhiteElo "1120"]
[WhiteTeam "Manchester Juniors C"]
[Black "Henderson, Jason"]
[BlackElo "1680"]
[BlackTeam "Calstock Killers"]
[Result "0-1"]
[PlyCount "74"]

1. e4 e6 2. Nf3 d5 3. Nc3 d4 4. Nb5 c5 5. Bc4 a6 6. Na3 b5 7. Be2 Nf6 8. d3 Nc6 9. e5 Nd7 10. Bg5 Be7 11. Qd2 Ndxe5 12. Nxe5 Nxe5 13. Bxe7 Qxe7 14. c3 Bb7 15. f3 Qh4+ 16. Kd1 O-O 17. cxd4 cxd4 18. g3 Qf6 19. Rf1 Rac8 20. f4 Nd7 21. h3 Nb6 22. h4 Nd5 23. g4 Ne3+ 24. Ke1 Qxh4+ 25. Rf2 Ng2+ 26. Kd1 Qxf2 27. g5 Ne3+ 28. Qxe3 dxe3 29. Nc2 Rxc2 30. Kxc2 Qxe2+ 31. Kb3 a5 32. a3 Bd5+ 33. Kc3 Rc8+ 34. Kd4 Qxb2+ 35. Kxe3 Rc2 36. Re1 Rg2 37. f5 Qf2# 0-1

[Event "4NCL Online Division 5"]
[Site "online"]
[Date "2021.03.23"]
[EventDate "2021.03.23"]
[Round "5.92"]
[White "Bray, David"]
[WhiteElo "2036"]
[WhiteTeam "Braunstone 1"]
[Black "Berry, Steve"]
[BlackElo "1473"]
[BlackTeam "Warley And Quinborne"]
[Result "1-0"]
[PlyCount "49"]

1. Nf3 Nf6 2. c4 d5 3. cxd5 Nxd5 4. d4 Nc6 5. e4 Nf6 6. d5 Nb8 7. Nc3 e6 8. Bc4 Bc5 9. O-O O-O 10. Bg5 Be7 11. dxe6 Bxe6 12. Bxe6 fxe6 13. Qb3 Qc8 14. e5 Nc6 15. exf6 Bxf6 16. Rae1 Nd8 17. Ne4 b6 18. Nxf6+ gxf6 19. Bh6 Rf7 20. Rd1 c5 21. Rd6 Qc7 22. Rfd1 Re7 23. Qa4 Nf7 24. Qg4+ Ng5 25. Nxg5 1-0

[Event "4NCL Online Division 5"]
[Site "online"]
[Date "2021.03.23"]
[EventDate "2021.03.23"]
[Round "5.93"]
[White "Lewis, John B"]
[WhiteElo "1433"]
[WhiteTeam "Warley And Quinborne"]
[Black "Tang, Julian"]
[BlackElo "1834"]
[BlackTeam "Braunstone 1"]
[Result "0-1"]
[PlyCount "54"]

1. d4 d5 2. c4 e6 3. Nc3 Nf6 4. Bg5 Be7 5. Nf3 O-O 6. e3 c6 7. cxd5 exd5 8. Bd3 Bg4 9. Be2 Nbd7 10. O-O h6 11. Bh4 Re8 12. h3 Bh5 13. Rc1 Ne4 14. Bxe7 Qxe7 15. Nxe4 Qxe4 16. Nd2 Bxe2 17. Qxe2 Qxd4 18. Nf3 Qf6 19. a3 Rad8 20. Rfd1 Ne5 21. Nxe5 Qxe5 22. b4 d4 23. Qd3 dxe3 24. Qxd8 Rxd8 25. Rxd8+ Kh7 26. Re1 exf2+ 27. Kxf2 Qf6+ 0-1

[Event "4NCL Online Division 5"]
[Site "online"]
[Date "2021.03.23"]
[EventDate "2021.03.23"]
[Round "5.94"]
[White "Booley, Graham M"]
[WhiteElo "1799"]
[WhiteTeam "Braunstone 1"]
[Black "Woodward, Pauline"]
[BlackElo "1239"]
[BlackTeam "Warley And Quinborne"]
[Result "0-1"]
[PlyCount "70"]

1. e4 d6 2. d4 Nf6 3. Bd3 g6 4. c3 Bg7 5. h3 O-O 6. Nf3 Bd7 7. Be3 b6 8. O-O c5 9. d5 a5 10. Nbd2 b5 11. b3 a4 12. c4 Na6 13. Rc1 Nb4 14. Bb1 a3 15. e5 dxe5 16. Nxe5 Bc8 17. Bxc5 Nd7 18. Nxd7 Bxd7 19. Qe1 Bb2 20. Rd1 Qa5 21. Qxe7 Rad8 22. Qf6 bxc4 23. Qf3 Qxc5 24. Nxc4 Bb5 25. Qg4 Nxd5 26. Qg5 Bxc4 27. bxc4 Qxc4 28. Bd3 Qxa2 29. Be4 Nf6 30. Bc2 Bc3 31. Bb1 Qb2 32. Qg3 Rxd1 33. Rxd1 Ne4 34. Qf3 Nd2 35. Qd3 Nxb1 0-1

[Event "4NCL Online Division 5"]
[Site "online"]
[Date "2021.03.23"]
[EventDate "2021.03.23"]
[Round "5.101"]
[White "Karthikeyan, Pranav"]
[WhiteElo "722"]
[WhiteTeam "BCC Foxes"]
[Black "Reynolds, D Ian W"]
[BlackElo "2011"]
[BlackTeam "Redbridge All Sorts 1"]
[Result "0-1"]
[PlyCount "92"]

1. e4 e5 2. d4 exd4 3. Nf3 Nc6 4. Bc4 Bc5 5. c3 Nf6 6. cxd4 Bb4+ 7. Nc3 Nxe4 8. O-O Bxc3 9. bxc3 d5 10. Bd3 Bf5 11. Re1 O-O 12. c4 Re8 13. Bb2 Nb4 14. Bb1 dxc4 15. Ne5 Nd3 16. Bxd3 cxd3 17. Qxd3 Nd6 18. Qg3 f6 19. Nf3 Qd7 20. d5 Rxe1+ 21. Rxe1 Re8 22. Rxe8+ Qxe8 23. h4 Qe2 24. Bxf6 Bg6 25. Bd4 Qe7 26. Ng5 Nf5 27. Qe5 Qxe5 28. Bxe5 Ne7 29. d6 cxd6 30. Bxd6 Nf5 31. Bc5 b6 32. Bb4 Nxh4 33. g3 Nf5 34. Kg2 h6 35. Nf3 Bf7 36. a3 Bd5 37. Bc3 g5 38. g4 Nh4+ 39. Kg3 Bxf3 40. Be5 Bb7 41. Bb8 a6 42. Bc7 b5 43. f4 Nf3 44. f5 Kf7 45. Ba5 Ne5 46. Bc7 Nc4 0-1

[Event "4NCL Online Division 5"]
[Site "online"]
[Date "2021.03.23"]
[EventDate "2021.03.23"]
[Round "5.102"]
[White "Hunnable, Ian D"]
[WhiteElo "1939"]
[WhiteTeam "Redbridge All Sorts 1"]
[Black "Tran, Le Gia Khuong"]
[BlackElo "726"]
[BlackTeam "BCC Foxes"]
[Result "1-0"]
[PlyCount "53"]

1. Nf3 d5 2. d4 Nc6 3. c4 Nf6 4. Nc3 Bf5 5. Qa4 e6 6. e3 Bb4 7. Ne5 Bxc3+ 8. bxc3 dxc4 9. Bxc4 Qd6 10. Ba3 Qd8 11. Nxc6 bxc6 12. Qxc6+ Qd7 13. Qxa8+ Qd8 14. Qxd8+ Kxd8 15. f3 Bc2 16. Bb5 Nd5 17. Kd2 Bg6 18. e4 Nb6 19. Rab1 a5 20. c4 Kc8 21. c5 Na8 22. Bc6 Nb6 23. cxb6 f5 24. Rhc1 fxe4 25. fxe4 cxb6 26. Rxb6 Rd8 27. Bb5# 1-0

[Event "4NCL Online Division 5"]
[Site "online"]
[Date "2021.03.23"]
[EventDate "2021.03.23"]
[Round "5.103"]
[White "Panunzio, Jacopo"]
[WhiteElo "695"]
[WhiteTeam "BCC Foxes"]
[Black "Karacsony, Istvan"]
[BlackElo "1945"]
[BlackTeam "Redbridge All Sorts 1"]
[Result "0-1"]
[PlyCount "68"]

1. e4 c5 2. Nf3 Nc6 3. Nc3 g6 4. Bc4 Bg7 5. O-O e6 6. d3 a6 7. Bg5 Qc7 8. Qd2 b5 9. Bf4 e5 10. Nd5 Qb7 11. Bxe5 Nxe5 12. Nxe5 Bxe5 13. Ne7 Nxe7 14. Bd5 Nxd5 15. exd5 O-O 16. Qe2 Qxd5 17. b3 Bb7 18. f3 Bxa1 19. c4 Bd4+ 20. Kh1 bxc4 21. dxc4 Qe6 22. Qxe6 dxe6 23. Re1 a5 24. a3 a4 25. bxa4 Rxa4 26. Ra1 Bxa1 27. h3 Be5 28. Kg1 Bg3 29. Kf1 Rxa3 30. Ke2 Rd8 31. Kf1 Ra2 32. f4 h6 33. h4 Ba6 34. h5 Rd1# 0-1

[Event "4NCL Online Division 5"]
[Site "online"]
[Date "2021.03.23"]
[EventDate "2021.03.23"]
[Round "5.104"]
[White "Barton, Tom A"]
[WhiteElo "1909"]
[WhiteTeam "Redbridge All Sorts 1"]
[Black "Wang, Mark"]
[BlackElo "704"]
[BlackTeam "BCC Foxes"]
[Result "1-0"]
[PlyCount "25"]

1. e4 e5 2. Nf3 Nc6 3. d4 exd4 4. Nxd4 Nxd4 5. Qxd4 Nf6 6. Nc3 Be7 7. e5 Nh5 8. Be2 c5 9. Qe4 g6 10. O-O Qc7 11. Nd5 Qc6 12. Bf3 Qe6 13. Nc7+ 1-0

[Event "4NCL Online Division 5"]
[Site "online"]
[Date "2021.03.23"]
[EventDate "2021.03.23"]
[Round "5.111"]
[White "Cooney, Brendan"]
[WhiteElo "1864"]
[WhiteTeam "St Benildus C"]
[Black "Mooney, David Paul"]
[BlackElo "2181"]
[BlackTeam "Chessable White Rose 3"]
[Result "0-1"]
[PlyCount "82"]

1. e4 e5 2. Nf3 Nc6 3. Bc4 Nf6 4. d4 exd4 5. O-O Nxe4 6. Re1 d5 7. Bxd5 Qxd5 8. Nc3 Qh5 9. Nxe4 Be6 10. Bg5 Bd6 11. h4 h6 12. Nxd6+ cxd6 13. Bf4 Qd5 14. c3 Rc8 15. Nxd4 Nxd4 16. Qxd4 Qxd4 17. cxd4 Kd7 18. d5 Bf5 19. Rac1 Rxc1 20. Rxc1 Be4 21. a3 Re8 22. f3 Bg6 23. Kf2 f6 24. Be3 b6 25. Bf4 Bd3 26. Rc6 Re2+ 27. Kg3 g5 28. hxg5 hxg5 29. Bxd6 Bb5 30. Bb4 Bxc6 31. dxc6+ Kxc6 32. Bc3 f5 33. Kh3 Kd5 34. Bf6 g4+ 35. fxg4 fxg4+ 36. Kxg4 Rxg2+ 37. Kf3 Rc2 38. Ke3 Kc4 39. Ke4 Kb3 40. Kd5 Rxb2 41. Kc6 Rf2 0-1

[Event "4NCL Online Division 5"]
[Site "online"]
[Date "2021.03.23"]
[EventDate "2021.03.23"]
[Round "5.112"]
[White "Arnott, Jonathan W"]
[WhiteTitle "CM"]
[WhiteElo "2092"]
[WhiteTeam "Chessable White Rose 3"]
[Black "Sweeney, Ronan"]
[BlackElo "1758"]
[BlackTeam "St Benildus C"]
[Result "1-0"]
[PlyCount "57"]

1. e4 c5 2. Nf3 d6 3. d4 cxd4 4. Nxd4 Nf6 5. Nc3 g6 6. Be3 Bg7 7. f3 O-O 8. Qd2 Nc6 9. Bc4 Bd7 10. h4 Rb8 11. h5 b5 12. Bb3 Na5 13. hxg6 hxg6 14. Bh6 Nxb3 15. axb3 Bh8 16. Bxf8 Qxf8 17. g4 b4 18. Qh2 Qg7 19. Nd5 Nxd5 20. exd5 Qe5+ 21. Qxe5 Bxe5 22. Nc6 Bxc6 23. dxc6 Bxb2 24. Rxa7 Rc8 25. c7 Be5 26. Kd1 d5 27. Re1 Rxc7 28. Ra8+ Kg7 29. Rxe5 1-0

[Event "4NCL Online Division 5"]
[Site "online"]
[Date "2021.03.23"]
[EventDate "2021.03.23"]
[Round "5.113"]
[White "Willow, David"]
[WhiteElo "1684"]
[WhiteTeam "St Benildus C"]
[Black "Clarke, Connor"]
[BlackElo "1953"]
[BlackTeam "Chessable White Rose 3"]
[Result "0-1"]
[PlyCount "88"]

1. e4 Nf6 2. e5 Nd5 3. d4 d6 4. Nf3 dxe5 5. Nxe5 c6 6. Bc4 Be6 7. Qe2 g6 8. O-O Bg7 9. Nc3 O-O 10. Nxd5 Bxd5 11. Bxd5 Qxd5 12. Nf3 e6 13. c4 Qd6 14. Be3 Nd7 15. Rfd1 Rad8 16. Qd2 e5 17. dxe5 Qxd2 18. Rxd2 Nxe5 19. Nxe5 Rxd2 20. Bxd2 Bxe5 21. Bc3 Bxc3 22. bxc3 Rd8 23. Kf1 Rd3 24. Rb1 Rxc3 25. Rxb7 Rc1+ 26. Ke2 Rc2+ 27. Kd3 Rxa2 28. Kd4 a5 29. Kc5 Rxf2 30. Kxc6 Rxg2 31. Kb5 Rb2+ 32. Ka6 Rxb7 33. Kxb7 a4 34. c5 a3 35. c6 a2 36. c7 a1=Q 37. c8=Q+ Kg7 38. h3 Qh1+ 39. Ka7 Qg1+ 40. Kb7 Qg2+ 41. Ka7 Qa2+ 42. Kb7 Qb3+ 43. Ka7 f5 44. Qd7+ Qf7 0-1

[Event "4NCL Online Division 5"]
[Site "online"]
[Date "2021.03.23"]
[EventDate "2021.03.23"]
[Round "5.114"]
[White "Parkhouse, Max"]
[WhiteElo "1880"]
[WhiteTeam "Chessable White Rose 3"]
[Black "Putar, Slavko"]
[BlackElo "1676"]
[BlackTeam "St Benildus C"]
[Result "0-1"]
[PlyCount "64"]

1. d4 Nf6 2. Bf4 g6 3. Nc3 d5 4. e3 a6 5. Be2 Bg7 6. h4 h5 7. Nf3 c5 8. Ne5 Nbd7 9. a4 Qa5 10. O-O O-O 11. Bf3 cxd4 12. exd4 Nb6 13. Qd2 Kh7 14. Nxd5 Qxd2 15. Nxf6+ exf6 16. Bxd2 fxe5 17. dxe5 Nc4 18. Bc3 Nxe5 19. Be4 Nc4 20. Bxg7 Kxg7 21. Rfd1 Rb8 22. Rd4 Be6 23. b3 Ne5 24. a5 Rfc8 25. Rd6 Kf8 26. Rb6 Rc7 27. Rd1 Ke7 28. f4 Nd7 29. Rbd6 Nc5 30. Bf3 Bg4 31. Bxg4 hxg4 32. Kf2 Ne4+ 0-1

[Event "4NCL Online Division 5"]
[Site "online"]
[Date "2021.03.23"]
[EventDate "2021.03.23"]
[Round "5.121"]
[White "Hossain Mohammed, Ashraf"]
[WhiteElo "1821"]
[WhiteTeam "Enfield 1"]
[Black "Siddle, Michael"]
[BlackElo "1477"]
[BlackTeam "Bishop Knights"]
[Result "1-0"]
[PlyCount "149"]

1. e4 d5 2. Nf3 Bg4 3. e5 e6 4. h3 Bxf3 5. Qxf3 c5 6. c3 Nc6 7. Bb5 a6 8. Bxc6+ bxc6 9. O-O Ne7 10. d4 Nf5 11. g4 Nh4 12. Qg3 Be7 13. Nd2 Qb6 14. Nb3 Ng6 15. f4 cxd4 16. cxd4 Nf8 17. Bd2 Nd7 18. Rac1 Rc8 19. Rc2 c5 20. Be3 Qb5 21. Rfc1 c4 22. Nd2 O-O 23. a3 Nb6 24. Qf2 a5 25. Nf3 Nd7 26. f5 exf5 27. gxf5 Rc6 28. Bg5 Bxg5 29. Nxg5 Rh6 30. Kh2 Qb6 31. Rg1 Kh8 32. Rd2 Qc7 33. Qg3 Qb6 34. Qg2 g6 35. e6 fxe6 36. fxe6 Qd6+ 37. Kh1 Nf6 38. Nf7+ Rxf7 39. exf7 Qd8 40. Rf2 Kg7 41. Rf3 Kxf7 42. Qg5 Qd6 43. Qxh6 Qe6 44. Rgf1 Qe4 45. Qxh7+ Ke6 46. Qh8 Nh5 47. Qe8+ Kd6 48. Qxe4 dxe4 49. Re3 Kd5 50. Rg1 Nf4 51. Rg5+ Kxd4 52. Reg3 e3 53. R5g4 Ke4 54. Rxf4+ Kxf4 55. Rxg6 e2 56. Re6 Kf3 57. Kg1 a4 58. h4 e1=Q+ 59. Rxe1 Kg4 60. Rc1 Kxh4 61. Rxc4+ Kg3 62. Rxa4 Kf3 63. Rc4 Ke3 64. Rc3+ Kd4 65. a4 Kd5 66. a5 Kd6 67. a6 Ke7 68. a7 Kd7 69. a8=R Kd6 70. Rd8+ Ke5 71. Re3+ Kf4 72. Kf2 Kg4 73. Rf3 Kh4 74. Rg3 Kh5 75. Rh8# 1-0

[Event "4NCL Online Division 5"]
[Site "online"]
[Date "2021.03.23"]
[EventDate "2021.03.23"]
[Round "5.122"]
[White "Clynes, Chris"]
[WhiteElo "1398"]
[WhiteTeam "Bishop Knights"]
[Black "McNish, David"]
[BlackElo "1776"]
[BlackTeam "Enfield 1"]
[Result "0-1"]
[PlyCount "48"]

1. d4 Nf6 2. Nf3 g6 3. e3 Bg7 4. c4 O-O 5. Be2 d6 6. Nc3 Nbd7 7. O-O e5 8. e4 h6 9. Be3 c6 10. Qd2 Ng4 11. Rad1 Nxe3 12. fxe3 Qc7 13. d5 c5 14. Rb1 a6 15. b4 cxb4 16. Rxb4 Nc5 17. h3 Bd7 18. Qc2 Rab8 19. Rfb1 f5 20. exf5 Bxf5 21. e4 Bd7 22. Nd2 Rf6 23. Nb3 a5 24. Nxc5 Qxc5+ 0-1

[Event "4NCL Online Division 5"]
[Site "online"]
[Date "2021.03.23"]
[EventDate "2021.03.23"]
[Round "5.123"]
[White "O'Caolaidhe, Cormac"]
[WhiteElo "1564"]
[WhiteTeam "Enfield 1"]
[Black "Coates, Ryan"]
[BlackElo "1259"]
[BlackTeam "Bishop Knights"]
[Result "1-0"]
[PlyCount "77"]

1. d4 d5 2. Nc3 Bf5 3. Bf4 c6 4. e3 Nf6 5. Bd3 e6 6. Nge2 Nh5 7. Bg3 Nxg3 8. hxg3 Nd7 9. Bxf5 exf5 10. Qd3 g6 11. O-O-O Bg7 12. Kb1 O-O 13. Nf4 Nf6 14. f3 Nd7 15. e4 fxe4 16. fxe4 dxe4 17. Nxe4 Qb6 18. c3 Rad8 19. Qf3 Qb5 20. g4 Nb6 21. Qh3 h6 22. Nf6+ Kh8 23. Nd3 Na4 24. Ka1 Rd6 25. g5 Qxg5 26. Ne4 Qe7 27. Nxd6 Qxd6 28. Rhf1 f5 29. Qf3 a5 30. g4 fxg4 31. Qxg4 Rxf1 32. Rxf1 Qd5 33. Qxg6 Kg8 34. Ne5 Qb5 35. Rf2 c5 36. Nf7 Nxb2 37. Nxh6+ Kh8 38. Rf8+ Bxf8 39. Qg8# 1-0